Constructive trust (Record no. 60956)

MARC details
000 -LEADER
fixed length control field 00983cam a2200193 4500
001 - CONTROL NUMBER
control field X101850
008 - FIXED-LENGTH DATA ELEMENTS--GENERAL INFORMATION
fixed length control field 000000n1999 000 0 eng u
035 ## - SYSTEM CONTROL NUMBER
System control number (Sirsi) u101850
245 ## - TITLE STATEMENT
Title Constructive trust
260 ## - PUBLICATION, DISTRIBUTION, ETC.
Date of publication, distribution, etc. 1999
490 ## - SERIES STATEMENT
Series statement Estates Gazette
Volume/sequential designation (9942) 23 October 1999, 117(1)
520 ## - SUMMARY, ETC.
Summary, etc. Mollo and others v Mollo. ChD 8 October 1999. Divorced couple agreeing to buy house to accommodate adult sons of marriage - house conveyed into name of defendant ex-wife - defendant paying 90% of purchase price - claimant ex-husband subsequently devoting substantial amount of monay and labour to refurbishment - defendant opposing claim to beneficial share on ground that claimant did not intend to benefit himself - whter such intention outwardly expressed - claimant awarded 25% share.
650 ## - SUBJECT ADDED ENTRY--TOPICAL TERM
Topical term or geographic name entry element CONSTRUCTIVE TRUSTS
650 ## - SUBJECT ADDED ENTRY--TOPICAL TERM
Topical term or geographic name entry element DIVORCE
650 ## - SUBJECT ADDED ENTRY--TOPICAL TERM
Topical term or geographic name entry element MOLLO AND OTHERS V MOLLO
650 ## - SUBJECT ADDED ENTRY--TOPICAL TERM
Topical term or geographic name entry element BENEFICIAL OWNERSHIP
690 ## - LOCAL SUBJECT ADDED ENTRY--TOPICAL TERM (OCLC, RLIN)
Topical term or geographic name as entry element PROPERTY LAW AND PRACTICE
942 ## - ADDED ENTRY ELEMENTS (KOHA)
Suppress in OPAC 0
Holdings
Withdrawn status Lost status Source of classification or shelving scheme Damaged status Not for loan Home library Current library Shelving location Date acquired Total Checkouts Full call number Barcode Date last seen Copy number Price effective from Koha item type
    Dewey Decimal Classification     London London News article 11/11/1999   X101850 101850-1001 06/08/2019 1 06/08/2019 News article